| Registos Bibliográficos associados ao registo de autoridade |
|
Etiqueta de registo: 00254nam 2200025 450 001 2287444 003 http://id.bnportugal.gov.pt/bib/catbnp/2287444 100 ## $a20260226d20265 k y0pory01030103ba 101 0# $apor 102 ## $aPT 105 ## $ay m 000yy 106 ## $ar 200 1# $aMúsica Pandza$ecultura, identidade e ativismo em Moçambique$fTânia Machonisse$gorient. Orquídea Moreira Ribeiro 210 #9 $aVila Real$c[s.n.],$c2025 215 ## $a[1] f., 174 p.$d30 cm 328 #1 $aTese doutoramento Ciências da Cultura, Universidade de Trás-os-Montes e Alto Douro,
2025 700 #1 $aMachonisse,$bTânia $31999970 702 #1 $aRibeiro,$bOrquídea,$f1965-$4727$3223345 801 #0 $aPT$bBN$gRPC 966 ## $lBN$mFGMON$x1 971 ## $cjbeatriz$d20260602
|
|
|